000
00330nam a2200145Ia 4500
100
_a
Shigley/Joseph Edward/ Mischke/C.R
942
_c
BK
654
_a
Engg. Design
245
_a
Mechanical Engg. Design
260
_b
McGraw Hill
_a
New York
_c
1989
082
_a
621.815
_b
PAN
300
_a
779
546
_a
ENGLISH
999
_c
19805
_d
19805